000 00270nam a2200121Ia 4500
005 20260326100028.0
008 260326s9999||||xx |||||||||||||| ||und||
100 _aScore
245 0 _aBadani-Roux-Dorlut /
_cScore
260 _bScore
650 _aARQUITECTOS
942 _cBK
999 _c6493
_d6493